000 00902nam a2200301Ia 4500
008 170203s9999 xx 000 0 und d
020 _a0-439168244
050 _aFic
050 _b.C672s 1977
100 _aCeoerr, Eleanor
245 _aSadako and the Thousand Paper Cranes /
245 _cby Eleanor Coerr ; paintings by Ronald Himler.
260 _aNew York :
260 _bScholastic Inc.,
260 _c1977
300 _a79 pages ;
300 _bill. ; 20 cm.
650 _aAtomic bomb--Physiological effect--
650 _aEnglish language--Textbooks for foreign speakers--
650 _aLeukemia in children--
650 _aReading comprehension--
650 _aSasaki, Sadako, 1943-1955--
650 _xJuvenile literature.
650 _xJuvenile literature.
650 _xJuvenile literature.
650 _xJuvenile literature.
650 _xJuvenile literature.
999 _c306007
_d306007